Give me a - ! - Statistics

General Stats
  • This quiz has been taken 29 times
  • The average score is 13 of 15
Answer Stats
Hint Answer % Correct
Give me an A! A
100%
Give me a B! B
100%
Give me a D! D
100%
Give me the first letter in first! F
100%
Give me the second letter in Bee! E
95%
Give me the last letter in keg! G
91%
Give me the eighth letter in interscholastic H
91%
Give me a J! J
91%
Give me an L! L
91%
Give me the seventh letter in experimentation! M
91%
Give me a I! I
86%
Give me the fifth letter in unlike! K
86%
Give me an O! O
86%
Give me the fourth letter in electromagnetic! C
73%
Give me the interrobang!
59%
No matching quizzes found
Score Distribution
Percent of People with Each Score
Percentile by Number Answered
Your Score History
You have not taken this quiz